Seminár z matematiky ":" 2. časť, Matematika pre maturantov, Zbierka úloh s riešeniami /

Guardado en:
Detalles Bibliográficos
Autores principales: Kubáček, Z. (Autor), Žabka, J. (Autor)
Formato: Libro
Lenguaje:eslovaco
Publicado: Bratislava MAPA Slovakia Plus, s.r.o. 2021
Edición:2. vydanie
Etiquetas: Agregar Etiqueta
Sin Etiquetas, Sea el primero en etiquetar este registro!

MARC

LEADER 00000nam a22000003a 4500
001 0099036
003 SK-STU
005 20221209122112.6
007 ta
008 221209s ----xo-----e------000-0-----d
020 |a 978-80-8067-323-9 
040 |a STU  |b slo 
041 0 |a slo 
044 |a xo 
080 |a 51 
100 1 |a Kubáček, Z.  |4 aut 
245 1 0 |a Seminár z matematiky ":"  |b 2. časť, Matematika pre maturantov, Zbierka úloh s riešeniami /  |c aut. Z Kubáček, J Žabka 
250 |a 2. vydanie  
260 |a Bratislava  |b MAPA Slovakia Plus, s.r.o.  |c 2021 
300 |a 168 s. 
700 1 |a Žabka, J.  |4 aut 
996 |c I* I*8M13783  |l I  |s A  |a 24  |w 0099036_0001 
996 |c I* I*8M13782  |l I  |s A  |a 24  |w 0099036_0002